000 01548nam a2200349 4500
003 EC-UNACH
005 20250422152944.0
006 s||||gr|||| 00| 00
008 150116t9999 mx r gr 000 0 spa d
040 _aEC-UNACH
_cEC-UNACH
041 _aspa
082 0 4 _223
_a540
_bL017694
100 _aCarrillo Cando, Luis Edison / Mera Cabezas, Luis Alberto / Asaquivay Cazas, Alex Paul / Ballagan Tixi, Ángel Oswaldo
245 _aDidáctica de la Química 2 aprenda fácil
250 _aPrimera Edición
264 _aRiobamba - Ecuador
_bEditorial UNACH
_c2024
264 _aProducción UNACH
300 _a250 páginas
_bFigura, tabla, cuadro
501 _aIncluye índice general, conclusiones,
505 _aCapítulo 1. Metodología didáctica innovadora -- Capítulo 2. Ecuaciones químicas en el desarrollo de la vida -- Capítulo 3. La matemática en elementos y compuestos químicos -- Capítulo 4. De la matemática química a la cotidianidad -- Capítulo 5. Sistemas dispersos, potencial hidrógeno pH y sus incidencias en la vida
650 _aAPRENDIZAJE ACTIVO
650 _aMÉTODO DE APRENDIZAJE
650 _aECUACIONES QUÍMICAS
650 _aCELDAS ELECTROQUÍMICAS
650 _aCOMPUESTOS QUÍMICOS
650 _aMASA - VOLUMEN
856 _uhttps://doi.org/10.37135/u.editorial.05.136
_yLibro Digital - Didáctica de la Química 2 aprenda fácil
942 _2ddc
_cEBOOK
999 _c13540